| 000 | 00771nam a2200181 a 4500 | ||
|---|---|---|---|
| 008 | 120416s1995 ||||||||||||||||| || u | ||
| 050 | _aHD 87.5 Mar | ||
| 100 | _aMartin, Matthew | ||
| 245 | 1 | 0 | _aForging links |
| 246 | _aeconomic research and policy making in sub-Saharan Africa | ||
| 260 |
_aNairobi _bAfrican Economic Research Consortium _c1995 |
||
| 350 | _a0.00 | ||
| 650 | 0 | _aECONOMIC POLICY | |
| 650 | 0 | _aECONOMICS | |
| 650 | _aECONOMIC RESEARCH | ||
| 995 |
_aMAIN LIBRARY OPEN ACCESS _D0.00 _e727717 _FCBU-MAIN LIBRARY (Kitwe) _H1 _I6.95 _jHD 87.5 Mar _M1 _UWEEDED _y025732 _ZMain Library Open Access Collection |
||
| 995 |
_aMAIN LIBRARY OPEN ACCESS _D0.00 _e727711 _FCBU-MAIN LIBRARY (Kitwe) _H2 _I6.95 _jHD 87.5 Mar _M2 _UWEEDED _y025736 _ZMain Library Open Access Collection |
||
| 999 |
_c63247 _d63247 |
||